Problems in group theory
Αποθηκεύτηκε σε:
| Κύριος συγγραφέας: | |
|---|---|
| Μορφή: | Βιβλίο |
| Γλώσσα: | English |
| Δημοσίευση: |
New York :
Dover Publications,
[1973]
|
| Θέματα: | |
| Ετικέτες: |
Προσθήκη ετικέτας
Δεν υπάρχουν, Καταχωρήστε ετικέτα πρώτοι!
|
MARC
| LEADER | 00000cam a2200000 i 4500 | ||
|---|---|---|---|
| 001 | 1/36463 | ||
| 008 | 941103s1973 eng d | ||
| 020 | |a 048661574X | ||
| 035 | |l 10040248 | ||
| 040 | |a GR-MY-UA |b gre |e aacr | ||
| 041 | 0 | |a eng | |
| 082 | 0 | |a 512.2 | |
| 100 | 1 | |a Dixon, John D. | |
| 245 | 1 | 0 | |a Problems in group theory / |c [by] John D. Dixon |
| 260 | |a New York : |b Dover Publications, |c [1973] | ||
| 300 | |a xv, 176 p; |c 22 cm | ||
| 504 | |a Includes bibliographical references | ||
| 650 | 0 | 0 | |a Group theory |x Problems, exercises, etc. |
| 852 | |a INST |b SAMOS |e 19941103 |h 512.2 DIX |p 005300001727 |q 005300001727 |t BK |y 0 | ||
| 909 | |a Σ |b 010644 | ||